[Event "BRA-ch 88th"]
[Site "Recife"]
[Date "2022.12.17"]
[Round "4"]
[White "Bulhoes, Benicio Rocha"]
[Black "De Saboya E Silva, Jose Frederic"]
[Result "0-1"]
[WhiteElo "1566"]
[BlackElo "1948"]
[PlyCount "70"]
[EventDate "2022.12.15"]
[EventType "swiss"]
[EventRounds "11"]
[EventCountry "BRA"]
[SourceTitle "CBM 212 Extra"]
[Source "ChessBase"]
[SourceDate "2023.03.31"]
[SourceVersion "1"]
[SourceVersionDate "2023.03.31"]
[SourceQuality "1"]

1. e4 c5 2. Nf3 Nc6 3. Bb5 g6 4. 0-0 Bg7 5. c3 d5 6. e5 Qb6 7. Bxc6+ Qxc6 8. d4 e6 9. Bf4 h6 10. Nbd2 b6 11. Re1 Ne7 12. b4 0-0 13. Nb3 cxb4 14. cxb4 Ba6 15. Rc1 Qd7 16. Qd2 g5 17. Bg3 Nf5 18. h4 gxh4 19. Bxh4 Nxh4 20. Nxh4 Qe7 21. Nf3 Rfc8 22. a4 Bc4 23. Na1 a5 24. b5 Qb4 25. Qd1 Rc7 26. Rb1 Qe7 27. Nc2 Rac8 28. Ne3 h5 29. Nd2 Bd3 30. Rb2 Bg6 31. f4 Qa3 32. Rb3 Qxa4 33. f5 exf5 34. Nxd5 Qxd4+ 35. Ne3 f4 0-1

[Event "Santo Antonio de Jesus Bahia op"]
[Site "Santo Antonio de Jesus"]
[Date "2022.07.08"]
[Round "2"]
[White "Medeiros Jr, Francisco Cesar De"]
[Black "Bulhoes, Benicio Rocha"]
[Result "1-0"]
[WhiteElo "1980"]
[BlackElo "1808"]
[PlyCount "109"]
[EventDate "2022.07.07"]
[EventType "swiss"]
[EventRounds "6"]
[EventCountry "BRA"]
[SourceTitle "CBM 209 Extra"]
[Source "ChessBase"]
[SourceDate "2022.09.30"]
[SourceVersion "1"]
[SourceVersionDate "2022.09.30"]
[SourceQuality "1"]

1. d4 d5 2. c4 c6 3. Nc3 Nf6 4. Nf3 e6 5. cxd5 cxd5 6. Bf4 Bd6 7. Bxd6 Qxd6 8. e3 0-0 9. Bd3 Nc6 10. 0-0 a6 11. Rc1 Bd7 12. a3 b5 13. Bb1 Rac8 14. b4 Rfe8 15. Ne1 e5 16. dxe5 Nxe5 17. Ba2 Bc6 18. h3 Red8 19. Nd3 Nxd3 20. Qxd3 Ne4 21. Rfd1 Nxc3 22. Rxc3 g6 23. Bxd5 Bxd5 24. Rxc8 Rxc8 25. Qxd5 Qxd5 26. Rxd5 Rc3 27. a4 bxa4 28. Ra5 a3 29. Rxa6 Rb3 30. b5 Rxb5 31. Rxa3 Rb2 32. g3 Kg7 33. Kg2 h5 34. g4 Rb5 35. Kg3 hxg4 36. hxg4 Rb1 37. g5 Rg1+ 38. Kf4 Rg2 39. f3 Rh2 40. Ke5 Rb2 41. Rd3 Rb5+ 42. Rd5 Rb3 43. Ke4 Rb4+ 44. Rd4 Rb5 45. Kf4 Rf5+ 46. Kg4 Rb5 47. f4 Rb7 48. e4 Ra7 49. f5 gxf5+ 50. Kxf5 Rb7 51. Rd6 Ra7 52. e5 Ra1 53. Rd4 Rf1+ 54. Rf4 Ra1 55. Rf2 1-0